| 000 | 01229nam a22003497a 4500 | ||
|---|---|---|---|
| 003 | CHAP | ||
| 005 | 20220817044502.0 | ||
| 008 | 111003s2011 it r 00010 eng d | ||
| 010 | _a102287 | ||
| 011 | _a103259 | ||
| 020 | _a9789251068397 | ||
| 035 | _a113948 | ||
| 040 | _cCHAP | ||
| 082 | 0 | 0 |
_a631.5 _bF34y v.13 |
| 110 | 2 | _aFAO | |
| 245 | 1 | 3 |
_aAn international consultation on integrated crop - livestock systems for development : _bthe way forward for sustainable production intensification _c/por FAO |
| 260 |
_aRome : _bFAO, _c2011 |
||
| 300 | _axii, 63 p. | ||
| 490 | 0 |
_aFAO. Gestión integrada de cultivos _v; 13 |
|
| 590 |
_aBATCH-UPD _b10 _c20130110 _lUCH01 _h1030 |
||
| 590 |
_aBATCH-UPD _b10 _c20130410 _lUCH01 _h0633 |
||
| 590 |
_aBATCH-UPD _b10 _c20130913 _lUCH01 _h2228 |
||
| 590 |
_aCONVERSION _b10 _c20130109 _lUCH01 _h1356 |
||
| 650 | 1 | 4 |
_aAgricultura de subsistencia. _91998 |
| 650 | 1 | 4 |
_aAgricultura y ganadería. _92074 |
| 650 | 1 | 4 |
_aCultivos intercalados. _930381 |
| 650 | 1 | 4 |
_aLabranza de conservación. _964308 |
| 830 | 0 | 0 |
_aFAO. Gestión integrada de cultivos _v; 13 _939569 |
| 901 | _aBK | ||
| 942 | _cLIBRO | ||
| 949 |
_a631.5 F34y v.13 _bBC _cFAO _d33724002307983 _eFAO1 _gDonaciØn _h115940 _i113948 _sb |
||
| 999 |
_c102287 _d102287 |
||